Statistiques concernant La mythologie grecque - Les noms en N

Cliquez ici pour prendre le quiz!

Statistiques générales

  • Ce quiz a été pris 256 fois
  • Le résultat moyen est 5 sur 11

Statistiques - réponses

IndiceRéponse% Correct
Jeune homme amoureux de son propre refletNarcisse
99%
Déesse de la victoireNiké
77%
Entité primordiale de la nuitNyx
68%
Déesse de la vengeanceNémésis
67%
On l'appelle "le vieil homme de la mer"Nérée
38%
Le vent du SudNotos
26%
Princesse des PhéaciensNausicaa
22%
Roi de Pylos, combattant du côté des Achéens lors de la guerre de troie. Toujours de bon conseil.Nestor
21%
Centaure ayant provoqué la mort d'HéraclèsNessos
13%
Femme de Tantale, ses enfants sont tués par Artémis et ApollonNiobé
13%
Fils d'Achille, surnommé Pyrrhos à cause de ses cheveux rouxNéoptolème
6%

Distribution des résultats

Percentile par nombre de réponses

% des personnes avec chaque résultat

Votre développement - résultats

Vous n’avez pas pris ce quiz